| 000 | 00907nam0a22002651 4500 | ||
|---|---|---|---|
| 001 | rc\3312752 | ||
| 005 | 20130115150501.5 | ||
| 021 |
_aRU _b[69-47...] |
||
| 035 | _a(NLR Aleph) 007356505 | ||
| 090 |
_a6263425 _c6263425 |
||
| 100 | _a20130115d1969 |||y0rusy50 ca | ||
| 101 | 0 | _arus | |
| 102 | _aRU | ||
| 105 | _aa z |||a| | ||
| 200 | 1 |
_aКак приходит страх _a[Легкий хлеб _eСтихи _eДля дошкольного и мл. школьного возраста _fИл.: Х. Аврутис |
|
| 210 |
_aНовосибирск _cЗап.-Сиб. кн. изд-во _d1969] |
||
| 215 |
_a[30] с. _cил. _d25 |
||
| 532 | 1 | 3 | _aЛегкий хлеб |
| 700 | 1 |
_aДьяконов _bЛ. В. _gЛеонид Владимирович |
|
| 702 | 1 |
_aАврутис _bХ. _4440 |
|
| 801 | 0 |
_aRU _bNLR _gpsbo |
|
| 801 | 1 |
_aRU _bELAR _2rusmarc |
|
| 852 |
_aNLR _j69-7/1368 |
||
| 942 | _cBOOK | ||
| 980 | _aNB | ||